000 00598nam a22001577a 4500
020 _a9781260117127
082 _a615.1076
_bKAT
100 _aKatzung, Bertram G.; Kruidering-Hall, Marieke; Masters, Susan B.; Trevor, Anthony J.
_9113564
245 _aKatzung & Trevor's Pharmacology :
_bExamination & Board Review /
_cBertram G. Katzung; Marieke Kruidering-Hall; Susan B. Masters; Anthony J. Trevor
250 _a13th Edition.
260 _aNew York :
_bMcGraw-Hill Education,
_c2021.
300 _a600 p. ;
_bill,
_c27 cm.
563 _aPBK.
650 _aPharmacology
_9113344
942 _2ddc
_cBK
999 _c595234
_d595234